00705 2200253 4500001002100000005001700021008004100038020002200079035002500101040001200126082001400138084001600152100001700168245010600185250001100291260003100302300002200333650001100355700001900366850001200385990001800397990001800415990001800433INLIS00000000001467220151006164349.0  a978-602-288-078-9 a0010-101500000000406 aYOPDYOG 223a808.5 a808.5 Sil K aSILVIANTIKAN aThe King of speechb: Panduan praktis pidato & public speakingc/ Silviantika; Editor, Wawan Setiawan aCet. 1 aYogyakartabNoteBookc2014 a256 hlmc; 20 cm. aPidato aWAWAN Setiawan aYOPDYOG a25678-PD/B.15 a25679-PD/B.15 a25680-PD/B.15